01664cam a2200169 i 4500020001800000041000900018082001600027245017700043260003200220300001400252504004100266520107200307546001301379650003601392700003401428700003201462 a9781544342337 aeng-00a001.4bCAS-00aCase studies in needs assessment /cedited by Darlene F. Russ-Eft, Oregon State University, Catherine M. Sleezer, Employee Training and Performance Improvement Specialists. aLos Angeles :bSAGE,c2020. axx, 288p. aIncludes bibliographical references. a"The cases in this book offer insights about the practice of needs assessment in dynamic, real-world organizations and communities. This book invites both novice and seasoned analysts to look over the shoulders of practitioners, to examine needs assessment practice in action, to grasp the real-world issues that arise, and to understand a variety of needs assessment strategies and issues. Each case in this book examines the implementation of needs assessment in a specific situation. As such, it bridges needs assessment theories and actual practice. The book is organized around five major approaches to needs assessment: knowledge and skill assessment, job and task analysis, competency assessment, strategic needs assessment, and complex needs assessment. The last chapter in the book is a summary of lessons learned from all the case studies. It describes the insights and tricks of the trade that the book's editors gained from reviewing all the needs assessment cases. These insights can be used to improve future needs assessment practice and scholarship"-- aEnglish. 0aNeeds assessmentvCase studies.1 aRuss-Eft, Darlene F.eeditor.1 aSleezer, Catherineeeditor.